Şampiyon 2 – Rock’n Roll (Record no. 1283172)

MARC details
000 -LEADER
sabit uzunluktaki kontrol alanı 00266nam a2200109Ia 4500
001 - KONTROL NUMARASI
kontrol alanı 1283172
005 - EN SON İŞLEMİN TARİH VE ZAMANI
kontrol alanı 20260417163719.0
008 - SABİT-UZUNLUKTA VERİ ÖĞELERİ--GENEL BİLGİ
sabit uzunluktaki kontrol alanı 260417s9999 xx 000 0 und d
020 ## - ULUSLARARASI STANDART KİTAP NUMARASI
Uluslararası Standart Kitap Numarası 9786256402928
245 #0 - ESER / YAZAR
ESER ADI Şampiyon 2 – Rock’n Roll
260 ## - YAYIN, DAĞITIM, VB.
YAYIN EVİ Dokuz Çocuk
Holdings
Düşüm durumu Kayıp durumu Hasar Durumu Ödünç verilmez Ana kütüphane Geçerli Kütüphane Edinilen tarih Toplam ödünç verme sayısı Barkod Son görüntüleme tarihi Fiyatın geçerli olmaya başladığı tarih Koha materyal türü
        ŞEHİT MESUT ESAT KAYA İLKOKULU ŞEHİT MESUT ESAT KAYA İLKOKULU 17.04.2026   11061324 17.04.2026 17.04.2026 Books